[Event "POL-chT2"]
[Site "Jastrzebia Gora POL"]
[Date "2016.09.??"]
[Round "8.23"]
[White "Kanicki, Krzysztof"]
[Black "Diczew, Filip"]
[Result "1-0"]
[WhiteElo "2172"]
[BlackElo "2139"]
[EventDate "2016.09.05"]

1.e4 c5 2.Nf3 e6 3.d4 cxd4 4.Nxd4 a6 5.Nc3 Qc7 6.Bd3 Nf6 7.O-O Nc6 8.Nxc6 
bxc6 9.Qe2 d6 10.f4 e5 11.Kh1 Be7 12.Bc4 O-O 13.f5 Bb7 14.Bg5 Rfd8 15.Rad1
Rd7 16.Rd3 Rad8 17.Rfd1 Qb6 18.b3 Qb4 19.Qf3 Qa5 20.a4 Qc7 21.h3 Qa5 22.h4
h6 23.Bxf6 Bxf6 24.g3 Qc5 25.Kg2 Kf8 26.Kh3 Ke7 27.g4 Rh8 28.Kg3 Bc8 29.
Qe3 Qxe3+ 30.Rxe3 a5 31.Red3 Bb7 32.Kh3 Rdd8 33.R3d2 Bc8 34.Rb1 g6 35.b4 
axb4 36.Rxb4 gxf5 37.gxf5 Rhg8 38.Rb6 d5 39.Bxd5 cxd5 40.Nxd5+ Kf8 41.Rxf6
Bb7 42.Rxh6 Bxd5 43.Rxd5 Rc8 44.Rhd6 Kg7 45.Rxe5 Rxc2 46.Red5 Kh7 47.Rd2 
Rc3+ 48.R2d3 Rc1 49.Rg3 Re8 50.Rd7 Rh1+ 51.Kg2 Rxh4 52.Rxf7+ Kh8 53.f6 Rh5
54.Re7 Rxe7 55.fxe7 Re5 56.Ra3 Rxe4 57.a5 Rxe7 58.a6 Ra7 59.Kf3 Kg8 60.Ke4
Kf8 61.Kd5 Ke8 62.Kc6 Kd8 63.Kb6 Rh7 64.a7 Rh8 1-0

[Event "POL-chT2"]
[Site "Jastrzebia Gora POL"]
[Date "2016.09.??"]
[Round "8.24"]
[White "Warakomska, Anna"]
[Black "Poznanska, Katarzyna"]
[Result "1-0"]
[WhiteElo "2267"]
[BlackElo "2106"]
[EventDate "2016.09.05"]

1.e4 c5 2.Nf3 d6 3.d4 cxd4 4.Qxd4 a6 5.h3 Nc6 6.Qe3 Nf6 7.c4 g6 8.Bd2 Bg7 
9.Nc3 O-O 10.Be2 h6 11.O-O Be6 12.Rac1 Nd7 13.b3 Rc8 14.Rfe1 Nc5 15.Nd5 a5
16.Bc3 Bxc3 17.Rxc3 Kh7 18.a3 Nd7 19.Nf4 Nde5 20.Nxe5 dxe5 21.Nxe6 fxe6 
22.c5 Nd4 23.b4 axb4 24.axb4 Ra8 25.Bc4 Ra4 26.b5 Qa5 27.Rb1 Rc8 28.Bf1 
Rb4 29.Rd1 Qa4 30.Rcc1 Qb3 31.Rd3 Qb2 32.Rdc3 Nxb5 33.Bxb5 Rxb5 34.Qf3 Kg7
35.Qg3 Rb3 36.Qxe5+ Kh7 37.Qxe6 Rxc3 38.Qxe7+ Kg8 39.Qe6+ 1-0

[Event "POL-chT2"]
[Site "Jastrzebia Gora POL"]
[Date "2016.09.??"]
[Round "8.25"]
[White "Szwed, Jacek"]
[Black "Praszak, Michal"]
[Result "1-0"]
[WhiteElo "2330"]
[BlackElo "2140"]
[EventDate "2016.09.05"]

1.e4 c5 2.Nf3 d6 3.d4 cxd4 4.Qxd4 a6 5.h3 Nc6 6.Qe3 g6 7.c4 Bg7 8.Be2 Nf6 
9.Nc3 O-O 10.O-O Rb8 11.Rb1 Nd7 12.b4 Nde5 13.Rd1 Nxf3+ 14.Bxf3 Ne5 15.Be2
Be6 16.c5 Nc4 17.Qg3 Qc7 18.Nd5 Bxd5 19.exd5 Ne5 20.Bf4 Rbc8 21.Rbc1 Qd7 
22.Qb3 Qf5 23.Be3 g5 24.c6 b5 25.Qc2 Qxc2 26.Rxc2 h6 27.a4 f5 28.f3 Rb8 
29.axb5 axb5 30.c7 Ra8 31.Bxb5 Rfc8 32.Bd4 1-0

[Event "POL-chT2"]
[Site "Jastrzebia Gora POL"]
[Date "2016.09.??"]
[Round "8.26"]
[White "Stoma, Pawel"]
[Black "Lach, Piotr"]
[Result "1-0"]
[WhiteElo "2346"]
[BlackElo "2128"]
[EventDate "2016.09.05"]

1.e4 e5 2.Nf3 Nc6 3.Bb5 g6 4.c3 a6 5.Ba4 d6 6.d4 Bd7 7.O-O Bg7 8.Re1 Nge7 
9.dxe5 dxe5 10.Bg5 h6 11.Be3 O-O 12.Bc5 Re8 13.Nbd2 b6 14.Ba3 b5 15.Bc2 a5
16.Bc5 g5 17.a4 b4 18.Nf1 bxc3 19.bxc3 Ng6 20.g3 g4 21.N3d2 Qg5 22.Ne3 Nf4
23.gxf4 exf4 24.Nd5 Bxc3 25.Kh1 Be5 26.Rg1 Bxa1 27.Qxa1 Ne5 28.Nxc7 Rec8 
29.Bd6 Ng6 30.Nf3 Qh5 31.Nd5 Qxd5 32.exd5 Rxc2 33.Ne5 Bf5 34.Rxg4 Rac8 35.
Qd4 Rc1+ 36.Kg2 f3+ 37.Kxf3 R8c3+ 38.Kg2 Bxg4 39.Qxg4 h5 40.Qg5 h4 41.h3 
Kh7 42.Nxg6 fxg6 43.Qe7+ Kg8 44.Be5 1-0

[Event "POL-chT2"]
[Site "Jastrzebia Gora POL"]
[Date "2016.09.??"]
[Round "8.27"]
[White "Watorek, Marcin"]
[Black "Lobejko, Rafal"]
[Result "1/2-1/2"]
[WhiteElo "2130"]
[BlackElo "2341"]
[EventDate "2016.09.05"]

1.d4 Nf6 2.c4 e6 3.Nf3 b6 4.a3 Ba6 5.Qc2 d5 6.Nbd2 Be7 7.e4 dxe4 8.Nxe4 
Bb7 9.Bd3 Nbd7 10.O-O c5 11.dxc5 Nxc5 12.Nxc5 bxc5 13.Bf4 Bxf3 14.gxf3 O-O
15.Rad1 Qb6 16.Kh1 Qc6 17.Be4 Nxe4 18.Qxe4 Qxe4 19.fxe4 f5 20.f3 fxe4 21.
fxe4 Rad8 22.Be5 Rxf1+ 23.Rxf1 Rd2 24.Rg1 g6 25.Rg2 Rd1+ 26.Rg1 Rd2 27.Rg2
Rd1+ 28.Rg1 Rd2 1/2-1/2

[Event "POL-chT2"]
[Site "Jastrzebia Gora POL"]
[Date "2016.09.??"]
[Round "8.28"]
[White "Miroslaw, Michal"]
[Black "Kudas, Damian"]
[Result "1-0"]
[WhiteElo "2283"]
[BlackElo "2120"]
[EventDate "2016.09.05"]

1.e4 c5 2.Nf3 d6 3.d4 cxd4 4.Qxd4 Nc6 5.Bb5 Bd7 6.Bxc6 Bxc6 7.c4 Nf6 8.Nc3
e6 9.O-O Be7 10.Bg5 h6 11.Be3 O-O 12.Rfd1 a6 13.Qd3 Qc7 14.Rac1 Rac8 15.
Nd4 Bd7 16.b3 Rfd8 17.f3 Be8 18.Qe2 Qb8 19.g4 d5 20.exd5 exd5 21.g5 hxg5 
22.Bxg5 Rd7 23.Nf5 Bc5+ 24.Kh1 Nh7 25.Be7 dxc4 26.Nd5 Kh8 27.Qg2 Qe5 28.
Bf6 1-0

[Event "POL-chT2"]
[Site "Jastrzebia Gora POL"]
[Date "2016.09.??"]
[Round "8.29"]
[White "Stanach, Fabian"]
[Black "Panas, Pawel"]
[Result "1-0"]
[WhiteElo "2058"]
[BlackElo "2100"]
[EventDate "2016.09.05"]

1.c4 e6 2.g3 d5 3.Bg2 Nf6 4.b3 dxc4 5.Nc3 cxb3 6.Qxb3 c6 7.Nf3 Nbd7 8.O-O 
Be7 9.d4 O-O 10.Rd1 Qa5 11.Bd2 Qa3 12.Qc2 Nd5 13.Ne4 h6 14.g4 f5 15.gxf5 
exf5 16.Ng3 f4 17.Nf5 Bf6 18.Kh1 N7b6 19.N3h4 Ne7 20.Nxe7+ Bxe7 21.Ng6 Bf5
22.Be4 Bxg6 23.Bxg6 Bg5 24.Rab1 Qh3 25.Rg1 Rad8 26.Bb4 Rfe8 27.Bxe8 Rxe8 
28.Bd6 Qh4 29.Qg6 Rd8 30.Be5 Rd7 31.Rxb6 Rf7 32.Rb3 Qxf2 33.Qe4 Bh4 34.Rf3
1-0

[Event "POL-chT2"]
[Site "Jastrzebia Gora POL"]
[Date "2016.09.??"]
[Round "8.30"]
[White "Toma, Katarzyna"]
[Black "Chrzaszcz, Malvina"]
[Result "1-0"]
[WhiteElo "2259"]
[BlackElo "2039"]
[EventDate "2016.09.05"]

1.e4 e5 2.Nf3 Nc6 3.d4 exd4 4.Nxd4 Nf6 5.Nxc6 bxc6 6.e5 Nd5 7.c4 Nb6 8.Bd3
Bb4+ 9.Bd2 Qe7 10.O-O O-O 11.Qe1 a5 12.Nc3 Ba6 13.Qe4 f5 14.Qe2 Rae8 15.
Rfe1 Qf7 16.b3 Re6 17.a3 Bc5 18.Qf3 Qe7 19.b4 Bd4 20.c5 Nc4 21.Bxc4 Bxc4 
22.Qf4 Bxc3 23.Bxc3 Bd5 24.f3 Rh6 25.Bd4 Rh4 26.Qd2 f4 27.bxa5 Rf5 28.a6 
Rxh2 29.Kxh2 Rh5+ 30.Kg1 Qh4 31.Qd3 Qh2+ 32.Kf1 Rg5 33.Re2 Rg3 34.a7 Bxf3 
35.a8=Q+ Kf7 36.Qf5+ 1-0

[Event "POL-chT2"]
[Site "Jastrzebia Gora POL"]
[Date "2016.09.??"]
[Round "9.1"]
[White "Praszak, Michal"]
[Black "Gazik, Viktor"]
[Result "0-1"]
[WhiteElo "2140"]
[BlackElo "2431"]
[EventDate "2016.09.05"]

1.d4 Nf6 2.Nf3 c5 3.d5 e6 4.Nc3 exd5 5.Nxd5 Nxd5 6.Qxd5 d6 7.Bf4 Nc6 8.e4 
Qf6 9.Bc1 Be6 10.Qg5 Be7 11.c3 O-O 12.Qxf6 Bxf6 13.Ng5 Rfe8 14.Bd3 Bg4 15.
f3 Bd7 16.O-O Ne5 17.Bc2 h6 18.Nh3 Bxh3 19.gxh3 Rad8 20.Rb1 Ng6 21.Bb3 Kf8
22.Bd5 b6 23.Bc4 Bg5 24.Bb5 Bxc1 25.Rbxc1 Re5 26.Rfd1 Ke7 27.Kf2 Rh5 28.
Bf1 d5 29.exd5 Rhxd5 30.Rxd5 Rxd5 31.Ke3 Kf6 32.f4 Rf5 33.Bd3 Rh5 34.Bf1 
Rh4 35.Rd1 Rxf4 36.Rd6+ Ke5 37.Rd1 Nh4 38.Ke2 Re4+ 39.Kf2 Rf4+ 40.Ke2 Ra4 
41.a3 Kf6 42.Rd7 Re4+ 43.Kf2 Re7 44.Rd8 Kg5 45.a4 Kf4 46.a5 bxa5 47.Rc8 
Rb7 48.Rxc5 Rxb2+ 49.Be2 Nf5 50.Rxa5 Rb7 51.Ra4+ Ke5 52.Ra5+ Kf6 53.Ra6+ 
Ke7 54.c4 Rc7 55.Ra4 Ke6 56.Bg4 Kf6 57.Ra6+ Kg5 58.Ra5 g6 59.Bxf5 gxf5 60.
c5 Kf4 61.Ke2 Ke4 62.Ra4+ Kd5 63.Rf4 Kxc5 64.Rxf5+ Kb4 65.Rf6 h5 66.Ra6 
Kb5 67.Rh6 Rc5 68.Rf6 a5 69.Rxf7 a4 70.Rb7+ Kc4 71.Kd2 Rb5 72.Ra7 Kb3 73.
Kc1 Rc5+ 74.Kb1 Rc3 75.Rb7+ Ka3 76.Rf7 Rxh3 77.Rf2 Re3 78.Ra2+ Kb4 79.Rf2 
Rb3+ 80.Ka2 Rh3 81.Rf4+ Kc3 82.Rf2 Kd4 83.Kb1 Ke4 84.Ra2 a3 85.Kc1 h4 86.
Kd1 Rd3+ 87.Ke1 Rb3 88.Ra1 Kf3 89.Kf1 a2 0-1

[Event "POL-chT2"]
[Site "Jastrzebia Gora POL"]
[Date "2016.09.??"]
[Round "9.2"]
[White "Panczyk, Krzysztof"]
[Black "Stoma, Pawel"]
[Result "0-1"]
[WhiteElo "2361"]
[BlackElo "2346"]
[EventDate "2016.09.05"]

1.d4 d5 2.c4 c6 3.Nc3 Nf6 4.e3 a6 5.Qc2 e6 6.Nf3 Nbd7 7.b3 Be7 8.Bd3 b6 9.
O-O Bb7 10.Bb2 Qc7 11.Rac1 Rc8 12.cxd5 exd5 13.Qe2 a5 14.Bf5 Ra8 15.Rfd1 
O-O 16.Ne5 Ba6 17.Qc2 Nb8 18.e4 g6 19.Bh3 Qd6 20.exd5 cxd5 21.a4 Ra7 22.
Nb5 Bxb5 23.axb5 Ne8 24.Qd3 Nc7 25.Nc6 Nxc6 26.Rxc6 Qb4 27.Rxb6 Na8 28.Rc6
Rb7 29.Bc3 Qxb5 30.Qxb5 Rxb5 31.Ra1 Nb6 32.Rxa5 Rxb3 33.Ra1 Nc4 34.Be1 
Rfb8 35.Rc8+ Rxc8 36.Bxc8 Bf6 37.Rd1 Nb2 38.Rb1 Bxd4 39.Bg4 Kg7 40.Kf1 h5 
41.Bf3 Rb5 42.Bd2 Rc5 43.Ke2 Kf6 44.Ra1 Nc4 45.Ra6+ Kg7 46.Bg5 Be5 47.h4 
Rb5 48.Kd3 Rb3+ 49.Kc2 Rb2+ 50.Kc1 Rxf2 51.Bxd5 Bf4+ 52.Bxf4 Rxf4 53.Bf3 
Ne5 54.Ba8 Rxh4 55.Kd2 Kh6 56.Ke3 Kg5 57.Ra5 f6 58.Kf2 Rf4+ 59.Kg3 Rb4 60.
Kf2 Kf4 61.Ra2 Nd3+ 62.Kf1 Rb1+ 0-1

[Event "POL-chT2"]
[Site "Jastrzebia Gora POL"]
[Date "2016.09.??"]
[Round "9.3"]
[White "Miroslaw, Michal"]
[Black "Gazik, Igor"]
[Result "1/2-1/2"]
[WhiteElo "2283"]
[BlackElo "2318"]
[EventDate "2016.09.05"]

1.e4 Nf6 2.e5 Nd5 3.d4 d6 4.c4 Nb6 5.exd6 exd6 6.Nc3 Nc6 7.Be3 Be7 8.Be2 
O-O 9.Nf3 Bf6 10.Ne4 Be7 11.Nc3 Re8 12.O-O Bf6 13.Rc1 d5 14.c5 Nc4 15.Nxd5
Nxe3 16.Nxf6+ Qxf6 17.fxe3 Qh6 18.Bc4 Rxe3 19.Rc3 Rxc3 20.bxc3 Be6 21.d5 
Qe3+ 22.Kh1 Qxc5 23.dxe6 Qxc4 24.exf7+ Qxf7 25.Ng5 Qc4 26.Re1 h6 27.Ne6 
Qxc3 28.h3 Re8 29.Re4 Kh8 30.Qd7 Rg8 31.Qxc7 b5 32.Nf4 Rd8 33.Re6 Rd1+ 34.
Kh2 Qc5 35.Re8+ Kh7 36.Qc8 Rh1+ 37.Kxh1 Qc1+ 38.Kh2 Qxf4+ 39.Kg1 Qc1+ 40.
Kf2 Qf4+ 41.Kg1 Qc1+ 42.Kf2 Qf4+ 43.Kg1 1/2-1/2

[Event "POL-chT2"]
[Site "Jastrzebia Gora POL"]
[Date "2016.09.??"]
[Round "9.4"]
[White "Gmaj, Krzysztof"]
[Black "Polkowski, Piotr"]
[Result "1/2-1/2"]
[WhiteElo "2183"]
[BlackElo "2130"]
[EventDate "2016.09.05"]

1.e4 e5 2.Nf3 Nc6 3.Nc3 Nf6 4.a3 Be7 5.d4 d6 6.Bb5 Bd7 7.O-O O-O 8.dxe5 
Nxe5 9.Nxe5 dxe5 10.Bxd7 Qxd7 11.Qxd7 Nxd7 12.Nd5 Bd6 13.Rd1 Rfd8 14.Be3 
c6 15.Nc3 Bc7 16.Kf1 Nb6 17.b3 Rxd1+ 18.Rxd1 Rd8 19.Ke2 Rxd1 20.Nxd1 f6 
21.Nb2 a6 22.Nd3 Nd7 23.Nc5 Nxc5 24.Bxc5 Kf7 25.a4 Ke6 26.Kd3 g6 27.f3 Kd7
28.h3 Ke6 29.Kc4 Kd7 30.Kd3 Ke6 31.Kc4 Kd7 32.Kd3 Ke6 33.Kc4 Kd7 34.Kd3 
Ke8 1/2-1/2

[Event "POL-chT2"]
[Site "Jastrzebia Gora POL"]
[Date "2016.09.??"]
[Round "9.5"]
[White "Panas, Pawel"]
[Black "Morkisz, Bogdan"]
[Result "1-0"]
[WhiteElo "2100"]
[BlackElo "2048"]
[EventDate "2016.09.05"]

1.d4 e6 2.c4 f5 3.Nc3 Nf6 4.Qc2 d5 5.Bf4 c6 6.e3 Be7 7.h3 O-O 8.Nf3 Ne4 9.
a3 b6 10.Ne5 Bb7 11.Be2 Nd7 12.cxd5 Nxe5 13.Bxe5 exd5 14.O-O Bd6 15.Bxd6 
Qxd6 16.Rac1 Rae8 17.Qa4 Qb8 18.Nxe4 fxe4 19.Bg4 Qc7 20.b4 a6 21.Qb3 Qd6 
22.a4 b5 23.Qc3 Re7 24.Qc5 Qxc5 25.Rxc5 Kf7 26.Ra1 Ra8 27.Rc2 Rc7 28.Kh2 
Ke7 29.f3 exf3 30.gxf3 Kd6 31.e4 dxe4 32.fxe4 Re7 33.e5+ Kc7 34.Bf3 Rd8 
35.axb5 axb5 36.d5 Rxe5 37.dxc6 Bc8 38.Ra7+ Kb6 39.Ra8 Re7 40.Rca2 Kc7 41.
R8a7+ 1-0

[Event "POL-chT2"]
[Site "Jastrzebia Gora POL"]
[Date "2016.09.??"]
[Round "9.6"]
[White "Gazikova, Veronika"]
[Black "Toma, Katarzyna"]
[Result "0-1"]
[WhiteElo "2231"]
[BlackElo "2259"]
[EventDate "2016.09.05"]

1.e4 e5 2.Nf3 d6 3.d4 Nd7 4.Bc4 c6 5.O-O Be7 6.Re1 Ngf6 7.c3 O-O 8.Bb3 h6 
9.Nbd2 Re8 10.Nf1 Qc7 11.h3 Nf8 12.Ng3 Ng6 13.Be3 Bf8 14.Bc2 a5 15.a4 Be6 
16.Qe2 Rad8 17.Rad1 Bc8 18.Qf1 Nf4 19.Nf5 Bxf5 20.exf5 N4d5 21.dxe5 dxe5 
22.Bc1 e4 23.Nd4 Qe5 24.g4 Bd6 25.Qg2 Bb8 26.Be3 c5 27.Ne2 b6 28.Ng3 Nxe3 
29.Rxe3 Rxd1+ 30.Bxd1 Qd5 31.Be2 Bf4 32.c4 Qd2 33.Rb3 e3 34.Rd3 Qe1+ 35.
Qf1 exf2+ 36.Kg2 Bxg3 0-1

[Event "POL-chT2"]
[Site "Jastrzebia Gora POL"]
[Date "2016.09.??"]
[Round "9.7"]
[White "Warakomski, Tomasz"]
[Black "Szwed, Jacek"]
[Result "1-0"]
[WhiteElo "2466"]
[BlackElo "2330"]
[EventDate "2016.09.05"]

1.e4 e6 2.d4 d5 3.Nc3 Bb4 4.e5 b6 5.Qg4 Bf8 6.h4 h5 7.Qf3 Ba6 8.Bg5 Qd7 9.
Bxa6 Nxa6 10.Nge2 Ne7 11.Nf4 g6 12.O-O-O O-O-O 13.Nh3 Rh7 14.Kb1 Re8 15.
Bf6 Ng8 16.Ng5 Nxf6 17.exf6 Rh8 18.Ne2 Bh6 19.Nf4 Bxg5 20.hxg5 Nb4 21.Qc3 
Qb5 22.a3 Nc6 23.Rh4 e5 24.dxe5 Rxe5 25.a4 Qc4 26.Qxc4 dxc4 27.Nh3 Rc5 28.
g4 Ne5 29.gxh5 Nf3 30.Rf4 Nxg5 31.hxg6 fxg6 32.Nxg5 Rxg5 33.Re1 Rf5 34.
Rxf5 gxf5 35.f7 Kd7 36.Re5 Rf8 37.Rxf5 Ke6 38.Rf3 Rxf7 39.Rxf7 Kxf7 40.c3 
Ke6 41.Kc2 Ke5 42.Kd2 Kf4 43.Ke2 Ke4 44.f3+ Kf4 45.Kf2 Ke5 46.Ke3 c5 47.
f4+ Kf5 48.Kf3 a6 49.Ke3 b5 50.a5 b4 51.Kf3 bxc3 52.bxc3 Kf6 53.Ke4 Ke6 
54.f5+ Kd6 55.Kf4 1-0

[Event "POL-chT2"]
[Site "Jastrzebia Gora POL"]
[Date "2016.09.??"]
[Round "9.8"]
[White "Lach, Piotr"]
[Black "Szelag, Marcin"]
[Result "0-1"]
[WhiteElo "2128"]
[BlackElo "2449"]
[EventDate "2016.09.05"]

1.e4 e6 2.d4 d5 3.exd5 exd5 4.Nf3 Nc6 5.Bg5 Be7 6.Bxe7 Qxe7+ 7.Be2 Qb4+ 8.
Nc3 a6 9.a3 Qd6 10.Ne5 Nf6 11.f4 Bf5 12.O-O Ne4 13.Nxe4 Bxe4 14.Bf3 O-O 
15.c3 Bxf3 16.Rxf3 f6 17.Nd3 Rfe8 18.f5 b6 19.Rh3 Re4 20.Qh5 h6 21.Nf2 Re7
22.Ng4 Rae8 23.Qg6 Re1+ 24.Rxe1 Rxe1+ 25.Kf2 Re7 26.Rf3 Kf8 27.Ne3 Nd8 28.
Qg3 Qd7 29.Rf4 Nf7 30.h4 Nd6 31.Nxd5 Ne4+ 32.Rxe4 Rxe4 33.Ne3 Kg8 34.Kg1 
h5 35.Qf3 Qe8 36.Kf2 Rxh4 37.Nd5 Rh1 38.Ne3 Qe7 39.Qd5+ Kh7 40.Qe6 Qd6 41.
Nd5 h4 42.Qxd6 cxd6 43.Nxb6 Rb1 44.Nc4 d5 45.Ne3 Rxb2+ 46.Kf3 Rb5 47.Kg4 
Kg8 48.Kxh4 Kf7 49.Kg4 Ra5 50.Kh5 Rxa3 51.Nxd5 a5 52.c4 Rd3 53.Nb6 Rxd4 
54.c5 Rf4 55.g4 Rf1 56.g5 Rh1+ 57.Kg4 Rc1 58.g6+ Ke8 0-1

[Event "POL-chT2"]
[Site "Jastrzebia Gora POL"]
[Date "2016.09.??"]
[Round "9.9"]
[White "Urban, Klaudiusz"]
[Black "Watorek, Marcin"]
[Result "1-0"]
[WhiteElo "2419"]
[BlackElo "2130"]
[EventDate "2016.09.05"]

1.Nf3 d5 2.g3 c5 3.Bg2 Nc6 4.d4 Nf6 5.O-O e6 6.c4 dxc4 7.Na3 cxd4 8.Nxc4 
Bc5 9.a3 O-O 10.b4 Bb6 11.Bb2 Bc7 12.Nxd4 Nxd4 13.Qxd4 Qe7 14.Rfd1 Rd8 15.
Qe3 Nd7 16.Bd4 a6 17.Rac1 f6 18.Bb6 Nxb6 19.Nxb6 Bxb6 20.Qxb6 Rxd1+ 21.
Rxd1 h5 22.h4 f5 23.Rd8+ Kf7 24.Rh8 a5 25.b5 a4 26.Bf3 Qxa3 27.Bxh5+ Kf6 
28.Qd4+ e5 29.Qb6+ Ke7 30.Qd8+ Ke6 31.Re8+ 1-0

[Event "POL-chT2"]
[Site "Jastrzebia Gora POL"]
[Date "2016.09.??"]
[Round "9.10"]
[White "Kudas, Damian"]
[Black "Schmidt, Wlodzimierz"]
[Result "1-0"]
[WhiteElo "2120"]
[BlackElo "2305"]
[EventDate "2016.09.05"]

1.d4 Nf6 2.c4 g6 3.Nc3 d5 4.Nf3 Bg7 5.Qb3 dxc4 6.Qxc4 O-O 7.e4 a6 8.e5 b5 
9.Qb3 Nfd7 10.e6 fxe6 11.a4 c5 12.axb5 cxd4 13.Ne4 Nb6 14.bxa6 Nxa6 15.
Nfg5 Nd5 16.Bxa6 Nc7 17.Bxc8 Rxa1 18.Bxe6+ Nxe6 19.O-O 1-0

[Event "POL-chT2"]
[Site "Jastrzebia Gora POL"]
[Date "2016.09.??"]
[Round "9.11"]
[White "Diczew, Filip"]
[Black "Stanach, Fabian"]
[Result "1-0"]
[WhiteElo "2139"]
[BlackElo "2058"]
[EventDate "2016.09.05"]

1.e4 d5 2.exd5 c6 3.dxc6 Nxc6 4.Nc3 e5 5.Bc4 Nf6 6.h3 Bd6 7.d3 h6 8.Be3 a6
9.Ne4 Bc7 10.Nxf6+ Qxf6 11.Qf3 Qe7 12.c3 O-O 13.g4 Nd4 14.cxd4 exd4 15.
O-O-O dxe3 16.Qxe3 Qf6 17.Kb1 Rd8 18.Qf3 Qxf3 19.Nxf3 b5 20.Bxf7+ Kxf7 21.
Rhe1 Bb7 22.Nh4 g6 23.d4 Bf4 24.Rd3 Re8 25.Rxe8 Rxe8 26.d5 Re1+ 27.Kc2 Bg5
28.Nf3 Re2+ 29.Kb3 Bf6 30.Nd2 Rxf2 31.Kb4 Ke7 32.Kc5 Bxb2 33.Kb6 Bc8 34.
Kc7 Rf8 35.Re3+ Kf6 36.Rf3+ Bf5 37.gxf5 gxf5 38.d6 Be5 39.Kd7 Rf7+ 40.Kc6 
Ke6 1-0

[Event "POL-chT2"]
[Site "Jastrzebia Gora POL"]
[Date "2016.09.??"]
[Round "9.12"]
[White "Chrzaszcz, Malvina"]
[Black "Warakomska, Anna"]
[Result "0-1"]
[WhiteElo "2039"]
[BlackElo "2267"]
[EventDate "2016.09.05"]

1.e4 e5 2.Nf3 Nc6 3.Bc4 Bc5 4.b4 Bxb4 5.c3 Be7 6.d4 Na5 7.Be2 exd4 8.Qxd4 
d6 9.Qxg7 Bf6 10.Qg3 Ne7 11.Bg5 Ng6 12.O-O Bd7 13.Na3 h6 14.Bxf6 Qxf6 15.
Rfd1 Nf4 16.Bf1 O-O-O 17.Kh1 Rde8 18.Re1 Bc6 19.Qg4+ Kb8 20.Bb5 Rhg8 21.
Qh4 Qxh4 22.Nxh4 Bxb5 23.Nxb5 Nd3 24.Re2 Rxe4 25.Rxe4 Nxf2+ 26.Kg1 Nxe4 
27.Rf1 a6 28.Nd4 Rg4 29.Nhf5 Nxc3 30.Rf3 Nd5 31.h3 Re4 32.g4 Nc4 33.Kg2 c5
34.Nb3 Re2+ 35.Kg3 Rxa2 36.Nxh6 Ne5 37.Rf1 Ra3 38.Nxf7 Rxb3+ 39.Kh4 Ne3 
40.Rf6 Ng2+ 41.Kg5 Nxf7+ 42.Rxf7 Rxh3 43.Kg6 c4 44.g5 c3 45.Rf8+ 0-1

[Event "POL-chT2"]
[Site "Jastrzebia Gora POL"]
[Date "2016.09.??"]
[Round "9.13"]
[White "Jarmula, Lukasz"]
[Black "Simacek, Pavel"]
[Result "1/2-1/2"]
[WhiteElo "2350"]
[BlackElo "2448"]
[EventDate "2016.09.05"]

1.d4 d5 2.c4 Nc6 3.Nc3 Nf6 4.Nf3 dxc4 5.d5 Na5 6.e4 c6 7.Be3 cxd5 8.exd5 
e6 9.dxe6 Qxd1+ 10.Rxd1 Bxe6 11.Nd4 Bb4 12.Nxe6 fxe6 13.Be2 O-O 14.O-O b6 
15.Nb5 Rf7 16.Nd6 Bxd6 17.Rxd6 Re7 18.Rfd1 Nb7 19.Rc6 Na5 20.Rcd6 Nb7 21.
Rc6 Na5 22.Rcd6 Nb7 1/2-1/2

[Event "POL-chT2"]
[Site "Jastrzebia Gora POL"]
[Date "2016.09.??"]
[Round "9.14"]
[White "Sieciechowicz, Marcin"]
[Black "Shkapenko, Pavel"]
[Result "1/2-1/2"]
[WhiteElo "2457"]
[BlackElo "2426"]
[EventDate "2016.09.05"]

1.d4 Nf6 2.c4 e6 3.Nf3 Bb4+ 4.Bd2 Qe7 5.Nc3 Bxc3 6.Bxc3 Ne4 7.Rc1 O-O 8.g3
Nxc3 9.Rxc3 d6 10.Bg2 e5 11.O-O Nc6 12.d5 Nb8 13.b4 Bg4 14.Qc2 a5 15.a3 
Nd7 16.c5 Nf6 17.cxd6 cxd6 18.Rc7 Rfc8 19.Qxh7+ Nxh7 20.Rxe7 Rab8 21.Nxe5 
dxe5 22.f3 Kf8 23.d6 Be6 24.f4 exf4 25.Bxb7 Rd8 26.bxa5 Rxd6 27.Rc7 Rxb7 
28.Rxb7 fxg3 29.Rb6 gxh2+ 30.Kxh2 Ke7 31.Rxd6 Kxd6 32.a6 Kc7 33.Rb1 Bd5 
34.a7 Bb7 35.a4 Nf6 36.a5 Nd7 37.Rc1+ Kd8 38.Rb1 Kc7 39.Rc1+ Kd8 40.Kg3 
Ba8 41.Kf4 Bb7 42.e4 Ba8 43.Rc2 Nf8 44.Ke5 Kd7 45.Rb2 Kc7 46.Kd4 Ne6+ 47.
Ke3 Kd7 48.Rb8 Nc7 49.Rg8 g6 50.Kd4 Kc6 51.Ke5 Kb7 52.Rg7 Nb5 53.Rxf7+ Ka6
54.Kf4 Nxa7 55.e5 Bd5 56.Rd7 Bb3 57.Rd3 Bc4 58.Rc3 Be6 59.Rc7 Bf5 60.Kg5 
Nb5 61.Rc6+ Kxa5 62.e6 Bxe6 1/2-1/2

[Event "POL-chT2"]
[Site "Jastrzebia Gora POL"]
[Date "2016.09.??"]
[Round "9.15"]
[White "Mickiewicz, Piotr"]
[Black "Zawadzki, Stanislaw"]
[Result "1-0"]
[WhiteElo "2367"]
[BlackElo "2439"]
[EventDate "2016.09.05"]

1.e4 c5 2.Nf3 Nc6 3.d4 cxd4 4.Nxd4 Nf6 5.Nc3 d6 6.f4 g6 7.Be2 Bg7 8.Be3 
O-O 9.Nb3 Be6 10.O-O Na5 11.f5 Bc4 12.Nxa5 Bxe2 13.Qxe2 Qxa5 14.Rad1 Rfe8 
15.Bd4 Nd7 16.Bxg7 Kxg7 17.Nd5 f6 18.b4 Qd8 19.Rd3 Rc8 20.Rh3 e6 21.Qe3 g5
22.fxe6 Rxe6 23.Rxh7+ Kxh7 24.Qh3+ Kg7 25.Qxe6 Rxc2 26.h4 Nf8 27.Qf5 Ng6 
28.Nxf6 gxh4 29.Nh5+ Kh6 30.Nf6 Kg7 31.e5 Qb6+ 32.Kh1 Qb5 33.Ne8+ Kh6 34.
Nxd6 Qe2 35.Nf7+ Kg7 36.Qf6+ Kh7 37.Rg1 h3 38.Ng5+ Kh6 39.Nf7+ Kh7 40.Ng5+
Kh6 41.Nxh3 Qxe5 42.Qf3 b5 43.Rd1 Rd2 44.Rxd2 Qe1+ 45.Kh2 Qxd2 46.a3 Qd6+ 
47.Kg1 Qd4+ 48.Kh2 a6 49.g3 Qb2+ 50.Nf2 Ne5 51.Qf6+ Kh7 52.Kh3 Qe2 53.Qf5+
Kh8 54.Ne4 Nc4 55.Qf8+ Kh7 56.Qf7+ Kh8 57.Ng5 1-0

[Event "POL-chT2"]
[Site "Jastrzebia Gora POL"]
[Date "2016.09.??"]
[Round "9.17"]
[White "Czajkowski, Adam"]
[Black "Kanicki, Krzysztof"]
[Result "1/2-1/2"]
[WhiteElo "2095"]
[BlackElo "2172"]
[EventDate "2016.09.05"]

1.e4 c5 2.Nf3 d6 3.d4 cxd4 4.Nxd4 Nf6 5.Nc3 Nc6 6.Bc4 Qb6 7.Nde2 e6 8.O-O 
Be7 9.Bb3 O-O 10.Ng3 Rd8 11.Be3 Qa5 12.Bd2 Qc7 13.Nh5 g6 14.Nxf6+ Bxf6 15.
Nb5 Qe7 16.Bc3 a6 17.Nd4 Bd7 18.Re1 Nxd4 19.Bxd4 Bc6 20.c3 Kg7 21.Qd2 Bxd4
22.Qxd4+ Qf6 23.Rad1 Qxd4 24.Rxd4 Rd7 25.f3 Kf6 26.Kf2 Rad8 27.Red1 d5 28.
exd5 Bxd5 29.Bxd5 Rxd5 30.Rxd5 Rxd5 31.Rxd5 exd5 32.Ke3 Ke5 33.a4 b6 34.b4
g5 35.g3 Kd6 36.Kd4 f6 37.Kd3 Kd7 38.Ke3 Ke6 39.Kd4 Kd6 40.Kd3 Kd7 41.Kd4 
1/2-1/2

[Event "POL-chT2"]
[Site "Jastrzebia Gora POL"]
[Date "2016.09.??"]
[Round "9.18"]
[White "Poznanska, Katarzyna"]
[Black "Gasik, Anna"]
[Result "0-1"]
[WhiteElo "2106"]
[BlackElo "2184"]
[EventDate "2016.09.05"]

1.e4 c6 2.d4 d5 3.Nd2 dxe4 4.Nxe4 Nf6 5.Nxf6+ gxf6 6.Bf4 Qb6 7.b3 Bf5 8.
Bc4 Rg8 9.Ne2 Nd7 10.a4 e5 11.a5 Qc7 12.Bg3 Bd6 13.O-O Rg7 14.Nc3 Kf8 15.
d5 Bb4 16.Ne2 Bxa5 17.dxc6 bxc6 18.Nd4 Be4 19.Qe2 Bd5 20.Bxd5 cxd5 21.Nf5 
Rg5 22.Ne3 d4 23.Nd5 Qc5 24.Qf3 e4 25.Qxe4 Qxd5 26.Qxh7 Bb4 27.Ra4 Rh5 28.
Qd3 Nc5 0-1

[Event "POL-chT2"]
[Site "Jastrzebia Gora POL"]
[Date "2016.09.??"]
[Round "9.20"]
[White "Piesik, Piotr"]
[Black "Butkiewicz, Lukasz"]
[Result "1/2-1/2"]
[WhiteElo "2278"]
[BlackElo "2441"]
[EventDate "2016.09.05"]

1.Nf3 Nf6 2.g3 g6 3.Bg2 Bg7 4.O-O O-O 5.d4 d5 6.c4 c6 7.cxd5 cxd5 8.Nc3 
Nc6 9.Bf4 Ne4 10.Rc1 Nxc3 11.Rxc3 Qb6 12.Rb3 Qa6 13.Ra3 Qb6 14.Rb3 Qa6 15.
Ra3 Qb6 1/2-1/2

[Event "POL-chT2"]
[Site "Jastrzebia Gora POL"]
[Date "2016.09.??"]
[Round "9.21"]
[White "Plichta, Kamil"]
[Black "Flis, Jacek"]
[Result "1/2-1/2"]
[WhiteElo "2342"]
[BlackElo "2262"]
[EventDate "2016.09.05"]

1.d4 Nf6 2.c4 d6 3.Nc3 Nbd7 4.Nf3 e5 5.g3 g6 6.Bg2 Bg7 7.O-O O-O 8.h3 exd4
9.Nxd4 Re8 10.e4 Nc5 11.Re1 a5 12.Ndb5 Bd7 13.Qc2 Be6 14.b3 c6 15.Nd4 Qc7 
16.Bb2 Rad8 17.Rad1 Bc8 18.Nf3 Nfd7 19.Nd4 Nf6 20.Nf3 Nfd7 21.Nd4 1/2-1/2

[Event "POL-chT2"]
[Site "Jastrzebia Gora POL"]
[Date "2016.09.??"]
[Round "9.22"]
[White "Paszewski, Mateusz"]
[Black "Bronowicki, Mateusz"]
[Result "1/2-1/2"]
[WhiteElo "2293"]
[BlackElo "2277"]
[EventDate "2016.09.05"]

1.c4 c5 2.g3 Nc6 3.Bg2 g6 4.Nc3 Bg7 5.a3 Nf6 6.Rb1 a5 7.d3 O-O 8.Nf3 d6 9.
O-O Bd7 10.Ne1 Ne8 11.Bd2 Nc7 12.Nc2 Rb8 13.b4 axb4 14.axb4 cxb4 15.Nxb4 
Nxb4 16.Rxb4 b5 17.cxb5 Nxb5 18.Nxb5 Rxb5 19.Rxb5 Bxb5 20.Qb3 Qd7 21.Rc1 
Ba4 22.Qb4 Qb5 23.Qxb5 Bxb5 24.h4 e6 25.Bc3 Rc8 26.Bd2 Rxc1+ 27.Bxc1 h5 
28.Ba3 d5 29.Bf3 Be5 30.Bc5 Kg7 31.d4 Bf6 32.e3 Bd3 33.Bd6 Bc4 34.Bd1 Bd3 
35.Bf3 Ba6 36.Bd1 Bb5 37.Kg2 Bd3 38.Kg1 Bb1 39.Bf3 Bf5 40.Bd1 Bb1 41.Bf3 
1/2-1/2

[Event "POL-chT2"]
[Site "Jastrzebia Gora POL"]
[Date "2016.09.??"]
[Round "9.23"]
[White "Przezdziecka, Ewa"]
[Black "Tomaszewski, Roman"]
[Result "1/2-1/2"]
[WhiteElo "2173"]
[BlackElo "2315"]
[EventDate "2016.09.05"]

1.d4 Nf6 2.Nf3 g6 3.c4 Bg7 4.Nc3 d5 5.Bg5 Ne4 6.cxd5 Nxg5 7.Nxg5 e6 8.Nf3 
exd5 9.e3 c6 10.Be2 O-O 11.O-O Be6 12.Qb3 Qb6 13.Nd2 Nd7 14.Rac1 Rfe8 15.
Na4 Qc7 16.Qc2 Bf8 17.Nb3 Bd6 18.g3 Bf5 19.Bd3 Bxd3 20.Qxd3 h5 21.Nbc5 h4 
22.Nxd7 Qxd7 23.Rfe1 hxg3 24.hxg3 Kg7 25.Kg2 Rh8 26.Rh1 Rxh1 27.Rxh1 Rh8 
28.Rxh8 Kxh8 29.Nc5 Bxc5 30.dxc5 Qe7 31.Qd4+ Kg8 32.f3 Qc7 33.Kf2 Qd7 34.
Kg2 Qc7 35.Kf2 Qd7 36.Kg2 Qc7 37.Kf2 Qd7 38.Kg2 Qc7 39.Kf2 1/2-1/2